01520nam a2200373 a 4500001001100000003000800011006001900019007001500038008004100053010001700094020004000111020003500151040002100186035002000207050002500227082001600252100003000268245013300298260007000431300002200501490006000523504006800583533015200651650002400803650002100827650002100848655002900869700002000898700002200918710001700940830004900957856012501006999001501131ebr5000270CaPaEBRm u cr cn|||||||||000503s2001 ne a sb 001 0 eng  z 00034218  z1556197241 (US : pbk. : alk. paper) z9027251444 (Eur. : alk. paper) aCaPaEBRcCaPaEBR a(OCoLC)7075423114aBF723.M4bR68 2001eb04a153.1/32211 aRovee-Collier, Carolyn K.14aThe development of implicit and explicit memoryh[electronic resource] /cCarolyn Rovee-Collier, Harlene Hayne, Michael Colombo. aAmsterdam ;aPhiladelphia, PA :bJohn Benjamins Pub. Co.,cc2001. ax, 322 p. :bill.1 aAdvances in consciousness research,x1381-589X ;vv. 24 aIncludes bibliographical references (p. [253]-290) and indexes. aElectronic reproduction.bPalo Alto, Calif. :cebrary,d2013.nAvailable via World Wide Web.nAccess may be limited to ebrary affiliated libraries. 0aMemory in children. 0aImplicit memory. 0aExplicit memory. 7aElectronic books.2local1 aHayne, Harlene.1 aColombo, Michael.2 aebrary, Inc. 0aAdvances in consciousness research ;vv. 24.40uhttp://site.ebrary.com/lib/rucke/Doc?id=5000270zAn electronic book accessible through the World Wide Web; click to view c2740d2740